| 000 | 00407nam a2200157 a 4500 | ||
|---|---|---|---|
| 001 | 387 | ||
| 003 | CDMR | ||
| 005 | 20130730115054.0 | ||
| 008 | 130130s2008||||||||||||||||||||||||||||d | ||
| 020 | _a9788484092568 | ||
| 040 |
_aCDMR _bcat _cCPC LLEIDA |
||
| 100 | 1 |
_aGüell, Manel _9267 |
|
| 245 | 1 | 0 |
_aCamí a la revolta (1625-1640) _cGÜELL, Manel |
| 260 |
_aLleida _c2008 _bDiputació de Lleida |
||
| 942 |
_cMON _2udc |
||
| 999 |
_c387 _d387 |
||